Kerala District Gazetteers: Kozhikode, Trivandrum, Trichur, Quilon, Kottayam (Record no. 20623)

MARC details
000 -LEADER
fixed length control field 00318nam a2200109Ia 4500
082 ## - DEWEY DECIMAL CLASSIFICATION NUMBER
Classification number 91(548.3)
Item number SRE
100 ## - MAIN ENTRY--AUTHOR NAME
Personal name A
245 #0 - TITLE STATEMENT
Title Kerala District Gazetteers: Kozhikode, Trivandrum, Trichur, Quilon, Kottayam
260 ## - PUBLICATION, DISTRIBUTION, ETC. (IMPRINT)
Place of publication Thiruvalla
Name of publisher Govt of Kerala
Year of publication 1962
942 ## - ADDED ENTRY ELEMENTS (KOHA)
Koha item type Books
Holdings
Withdrawn status Lost status Damaged status Not for loan Home library Current library Date acquired Full call number Accession Number Koha item type
        RRII Library RRII Library 16/12/2021 91(548.3) SRE 01345 Books